[Event "Motiva Online Blitz (Women)"]
[Site "Chess.com INT"]
[Date "2021.12.18"]
[Round "9"]
[White "Shokirjonova, Barchinoy"]
[Black "Krush, Irina"]
[Result "0-1"]
[WhiteElo "1662"]
[BlackElo "2421"]
[PlyCount "78"]
[EventDate "2021.12.18"]
[EventType "swiss (blitz)"]
[EventRounds "13"]
[EventCountry "USA"]
[SourceTitle "CBM 205 Extra"]
[Source "ChessBase"]
[SourceDate "2022.01.31"]
[SourceVersion "1"]
[SourceVersionDate "2022.01.31"]
[SourceQuality "1"]

1. d4 d5 2. c4 dxc4 3. Nf3 Nf6 4. e3 e6 5. Bxc4 c5 6. 0-0 a6 7. Qe2 b5 8. Bb3 Bb7 9. Rd1 Nbd7 10. dxc5 Bxc5 11. Nc3 0-0 12. Bc2 Qe7 13. a3 Rac8 14. e4 Ng4 15. Nd4 Qh4 16. Bf4 Qxf2+ 17. Qxf2 Nxf2 18. Kxf2 e5 19. Bxe5 Nxe5 20. Ke2 Nc4 21. Rab1 Rfe8 22. Nf5 g6 23. Ng3 Ne3 24. Rd2 Nxg2 25. Kf1 Ne3+ 26. Ke1 Rcd8 27. Bb3 Nc4 28. Rxd8 Rxd8 29. Bxc4 bxc4 30. Rd1 Rxd1+ 31. Kxd1 h5 32. Ke2 Kg7 33. Nd5 Bxd5 34. exd5 f5 35. Kd2 Bd4 36. Ne2 Bxb2 37. Kc2 Be5 38. Nc3 Bxh2 39. d6 Bxd6 0-1

[Event "Motiva Online Blitz (Women)"]
[Site "Chess.com INT"]
[Date "2021.12.18"]
[Round "7"]
[White "Shokirjonova, Barchinoy"]
[Black "Mammadova, Gulnar Marfat Qizi"]
[Result "0-1"]
[WhiteElo "1662"]
[BlackElo "2387"]
[PlyCount "76"]
[EventDate "2021.12.18"]
[EventType "swiss (blitz)"]
[EventRounds "13"]
[EventCountry "USA"]
[SourceTitle "CBM 205 Extra"]
[Source "ChessBase"]
[SourceDate "2022.01.31"]
[SourceVersion "1"]
[SourceVersionDate "2022.01.31"]
[SourceQuality "1"]

1. d4 g6 2. c4 Bg7 3. Nf3 d6 4. g3 Nd7 5. Bg2 e5 6. 0-0 Ne7 7. e4 0-0 8. Nc3 exd4 9. Nxd4 Nc6 10. Be3 a5 11. h3 Re8 12. Re1 Nde5 13. Nxc6 bxc6 14. Qe2 Ba6 15. b3 Nxc4 16. Qc2 Nxe3 17. Rxe3 Qf6 18. Rae1 Rab8 19. e5 dxe5 20. Ne4 Qe7 21. Nc5 Bc8 22. Bxc6 Bxh3 23. Bxe8 Rxe8 24. Nd3 Qd6 25. Qe2 Qc6 26. f4 e4 27. Rxe4 Rxe4 28. Qxe4 Qb6+ 29. Kh2 Bf5 30. Qe3 Bd4 31. Qe8+ Kg7 32. Ne5 Be6 33. Nd7 Qd6 34. Ne5 Bc3 35. Re2 Qd1 36. Rg2 Qh5+ 37. Kg1 Bd4+ 38. Kf1 Qd1# 0-1

[Event "Moscow Botvinnik Cup U14 Girls"]
[Site "Moscow"]
[Date "2021.08.22"]
[Round "6"]
[White "Ter Avetisjana, Agnesa Stepania"]
[Black "Shokirjonova, Barchinoy"]
[Result "0-1"]
[WhiteElo "1810"]
[BlackElo "1695"]
[PlyCount "112"]
[EventDate "2021.08.19"]
[EventType "tourn"]
[EventRounds "9"]
[EventCountry "RUS"]
[SourceTitle "CBM 204 Extra"]
[Source "ChessBase"]
[SourceDate "2021.11.30"]
[SourceVersion "1"]
[SourceVersionDate "2021.11.30"]
[SourceQuality "1"]

1. e4 e6 2. d4 d5 3. Nd2 c5 4. exd5 Qxd5 5. Ngf3 cxd4 6. Bc4 Qd6 7. 0-0 Nf6 8. Nb3 Nc6 9. Nbxd4 Nxd4 10. Nxd4 a6 11. c3 Qc7 12. Qa4+ Bd7 13. Bb5 Bd6 14. Bxd7+ Nxd7 15. Nf3 0-0 16. Qh4 Ne5 17. Ng5 h6 18. Ne4 Ng6 19. Qh3 Be7 20. Re1 Rad8 21. Qg3 Qc6 22. Bf4 Kh7 23. b4 b6 24. Qe3 f5 25. Ng3 e5 26. Bxe5 f4 27. Qe2 fxg3 28. Bxg3 Bf6 29. Rac1 Rfe8 30. Qf1 Rxe1 31. Qxe1 Bg5 32. Rc2 Re8 33. Qf1 b5 34. h3 Qc4 35. Qxc4 bxc4 36. Kf1 Nf4 37. h4 Nd3 38. Re2 Rxe2 39. Kxe2 Bf6 40. Kd2 Kg8 41. f3 Kf7 42. Kc2 Ke6 43. a4 Kd5 44. h5 Bg5 45. a5 Nf4 46. Bxf4 Bxf4 47. Kd1 Bg5 48. Ke2 Bf4 49. Kd1 Be3 50. Ke2 Ba7 51. f4 Ke4 52. g3 Bb8 53. b5 axb5 54. a6 Ba7 55. Kd2 Kf3 56. f5 Kxg3 0-1

[Event "Wch U12 Girls blitz"]
[Site "Minsk"]
[Date "2018.06.24"]
[Round "5"]
[White "Shokirjonova, Barchinoy"]
[Black "Alekseenko, Mariya"]
[Result "1/2-1/2"]
[WhiteElo "1293"]
[BlackElo "1524"]
[PlyCount "92"]
[EventDate "2018.06.24"]
[EventType "swiss (blitz)"]
[EventRounds "9"]
[EventCountry "BLR"]
[SourceTitle "EXT 2019"]
[Source "ChessBase"]
[SourceDate "2018.10.10"]
[SourceVersion "1"]
[SourceVersionDate "2018.10.10"]
[SourceQuality "1"]

1. d4 Nf6 2. Nf3 c5 3. c3 b6 4. Bf4 Bb7 5. g3 d6 6. Bg2 g6 7. 0-0 Bg7 8. Nbd2 0-0 9. Re1 Nbd7 10. e4 Nh5 11. Be3 e5 12. dxc5 dxc5 13. Qc2 Qc7 14. Rad1 c4 15. Qa4 Rac8 16. Qxc4 Nhf6 17. Qxc7 Rxc7 18. Ng5 h6 19. Nh3 Nc5 20. Bxc5 Rxc5 21. f4 exf4 22. gxf4 Re8 23. Nf2 Rc7 24. e5 Nd7 25. Bxb7 Rxb7 26. Nde4 Rc7 27. Rd2 f6 28. exf6 Bf8 29. Rde2 Re6 30. f7+ Kg7 31. Nd3 Re7 32. Nd6 Rxe2 33. Rxe2 Bxd6 34. Ne5 Nxe5 35. fxe5 Be7 36. e6 Rc5 37. Rd2 Kf6 38. Rd7 Kxe6 39. Rxa7 Kxf7 40. Rb7 Rb5 41. b3 Kf6 42. Kf2 Bc5+ 43. Kf3 Bd6 44. c4 Rf5+ 45. Kg4 Bc5 46. b4 Bd4 1/2-1/2